00822nam a2200217 a 4500001001000000003000500010005001700015008004100032010001100073011001100084040000900095100003100104245012800135260004100263500006000304502007700364650003000441650003000471650003300501856007000534000113665CHAP20220329144407.0170905s2017 mx a fsm |||||||spa d a110126 a111098 cCHAP1 aGordillo Puerto, Alejandra13aLa función de deseabilidad en la optimización estadística del proceso /h[En línea]cpor Alejandra Gordillo Puerto. aChapingo, Méx. :bEl autor,c2017. aPara ver el contenido del material haga clic en la liga aTesis (Lic. en Estadística) -- UACH. División de Ciencias Forestales14aFunciones (Matemáticas)14aMétodos estadísticos.14aOptimización matemática. aFinding aiduhttp://10.13.5.2/tesis/sist113665.pdfzTeclea aquí